000 00700pam a2200217 a 4500
001 2469627
005 20180226032142.0
008 901109r19911978flua 001 0 eng
010 _a 90024681
020 _a0894645692 (alk. paper)
040 _aDLC
_cDLC
_dDLC
041 _aeng
080 _a676 DAV
082 0 0 _a676 DAV
_220
100 1 _a9
101 _aMJE
245 1 0 _aPaper basics :
_cDavid Saltman.
906 _a7
_bcbc
_corignew
_d1
_eocip
_f19
_gy-gencatlg
942 _2ddc
_cBK
999 _c43382
_d43382